| 000 | 00368nam a22001217a 4500 | ||
|---|---|---|---|
| 082 | _a220 PRO | ||
| 100 |
_aHASSAN,NAJAM,HUSSAIN,AHSAN _972215 |
||
| 245 | _aPR-SOF-1145-DESIGN AND FABRICATION OF COOLING TOWER FOR ENGINE DYNAMOMETERS | ||
| 260 |
_aISLAMABAD _bNUST COLLEGE OF EME _c2012 |
||
| 650 |
_a DE-MECH-30 _972216 |
||
| 700 |
_aDR AAMIR BAQAI _972217 |
||
| 942 | _cCR | ||
| 999 |
_c578350 _d578350 |
||